Saludos desde esta bella ciudad... : postales de Zacatecas 1890-1960 /
Este libro-catálogo se publicó con motivo de la exposición realizada en el Museo Zacatecano; se trata de una muestra de 300 tarjetas postales de la ciudad de Zacatecas que datan de 1890 a 1960, de la colección del médico Luis M. Gómez Wulschner. Las imágenes abarcan un período de 70 años y brindan u...
Uloženo v:
| Korporace: | , |
|---|---|
| Další autoři: | , , , |
| Médium: | Kniha |
| Jazyk: | španělština |
| Vydáno: |
Zacatecas, México :
Instituto Zacatecano de Cultura Ramón López Velarde,
2017, c2017
|
| Témata: | |
| Tagy: |
Žádné tagy, Buďte první, kdo vytvoří štítek k tomuto záznamu!
|
MARC
| LEADER | 00000nam^a2200000^a^4500 | ||
|---|---|---|---|
| 001 | 000560318 | ||
| 005 | 20250526000000.0 | ||
| 009 | 20260310131859.549 | ||
| 020 | |a 978-607-9092-58-0 | ||
| 037 | |a Acervo ITESO - Biblioteca | ||
| 041 | |a GRA | ||
| 041 | |a ESP | ||
| 082 | |a 770. 972432 |b GON SAL | ||
| 110 | |a Colección Luis M. Gómez Wulschner | ||
| 245 | 1 | 0 | |a Saludos desde esta bella ciudad... : |b postales de Zacatecas 1890-1960 / |c Colección Luis M. Gómez Wulschner ; texto de L.M. Gómez Wulschner, E. Salinas Enríquez, L. Flores Barroeta ; presen. de A. Vázquez Sosa. |
| 264 | 4 | |a Zacatecas, México : |b Instituto Zacatecano de Cultura Ramón López Velarde, |c 2017, c2017 | |
| 300 | |a 158 p. ; |c 34.0 cm. | ||
| 336 | |a texto |b txt |2 rdacontenido | ||
| 337 | |a sin mediación |b n |2 rdamedio | ||
| 338 | |a volumen |b nc |2 rdasoporte | ||
| 520 | |a Este libro-catálogo se publicó con motivo de la exposición realizada en el Museo Zacatecano; se trata de una muestra de 300 tarjetas postales de la ciudad de Zacatecas que datan de 1890 a 1960, de la colección del médico Luis M. Gómez Wulschner. Las imágenes abarcan un período de 70 años y brindan un viaje visual al pasado de esta emblemática ciudad, a través de sus sitios particulares y cotidianos, sus edificios históricos, plazas, avenidas, calles, callejones y jardines. | ||
| 546 | |a Edición gráfica con texto en español | ||
| 649 | |a XX | ||
| 650 | |a Tarjetas Postales - |z Zacatecas (Ciudad) - |x Catálogos | ||
| 650 | |a Tarjetas Postales - |z Zacatecas (Ciudad) - |x Colecciones | ||
| 650 | |a Tarjetas Postales - |z Zacatecas (Ciudad) - |x Exposiciones | ||
| 650 | |a Tarjetas Postales - |z Zacatecas (Ciudad) - |x Historia - |y Siglo XIX | ||
| 650 | |a Tarjetas Postales - |z Zacatecas (Ciudad) - |x Historia - |y Siglo XX | ||
| 650 | |a Tarjetas Postales - |z Zacatecas (Ciudad) - |x Tema Principal | ||
| 650 | |a Tarjetas Postales - |z México | ||
| 650 | |a Museos y Galerías - |z Zacatecas (Ciudad) - |x Exposiciones - |x Catálogos - |x Tema Principal | ||
| 650 | |a Fotografía en Blanco y Negro - |z Zacatecas (Ciudad) | ||
| 650 | |a Zacatecas (Ciudad) - |x Fotografías - |x Tema Principal | ||
| 650 | |a México - |x Fotografías | ||
| 650 | |a Zacatecas (Ciudad) - |x Historia - |y Siglo XIX | ||
| 650 | |a Zacatecas (Ciudad) - |x Historia - |y Siglo XX | ||
| 650 | |a México - |x Historia - |y Siglo XIX | ||
| 650 | |a México - |x Historia - |y Siglo XX | ||
| 700 | |a Gómez Wulschner, Luis M. |e (texto) | ||
| 700 | |a Salinas Enríquez, Enrique |e (texto) | ||
| 700 | |a Flores Barroeta, Luis |e (texto) | ||
| 700 | |a Vázquez Sosa, Alfonso |e (texto) | ||
| 710 | |a Museo Zacatecano | ||
| 910 | |a Fondo Pedro Valtierra | ||
| 920 | |a Impresos - Libros | ||
| 930 | |a Libros Antiguos y Raros | ||
| 905 | |a 129 | ||
| 901 | |a 0500365385 |b IT2 |c LRA |i D |u 20250526 | ||
| 902 | |a https://opac.biblio.iteso.mx/vufind/Record/000560318 | ||